International capital markets: developments and prospects, and key policy issues (Record no. 77524)

MARC details
000 -LEADER
fixed length control field 00759nam a2200157 a 4500
008 - FIXED-LENGTH DATA ELEMENTS--GENERAL INFORMATION
fixed length control field 080919s1992 ||||||||||||||||| || u
050 ## - LIBRARY OF CONGRESS CALL NUMBER
Classification number IMF(058)
100 ## - MAIN ENTRY--PERSONAL NAME
Personal name [and others]
245 10 - TITLE STATEMENT
Title International capital markets: developments and prospects, and key policy issues
260 ## - PUBLICATION, DISTRIBUTION, ETC.
Place of publication, distribution, etc. Washington, D. C.
Name of publisher, distributor, etc. IMF
Date of publication, distribution, etc. 1992
300 ## - PHYSICAL DESCRIPTION
Extent vii, 81 pages : illustrations
350 ## -
-- 0.00
700 ## - ADDED ENTRY--PERSONAL NAME
Personal name Goldstein, Morris
995 ## -
-- SPECIAL COLLECTIONS
-- 0.00
-- IMF(058)A5/1992A
-- CBU-MAIN LIBRARY (Kitwe)
-- 1
-- 0.00
-- IMF(058)A5/1992A
-- 1
-- AVAILABLE
-- Sep 19, 2008
-- 024531
-- International Publications
995 ## -
-- SPECIAL COLLECTIONS
-- 0.00
-- IMF(058)A5/1992B
-- CBU-MAIN LIBRARY (Kitwe)
-- 1
-- 0.00
-- IMF(058)A5/1992B
-- 2
-- AVAILABLE
-- Sep 24, 2008
-- 024530
-- International Publications
999 ## -
-- 77524
-- 77524
Holdings
Withdrawn status Lost status Source of classification or shelving scheme Damaged status Not for loan Permanent Location Current Location Shelving location Date acquired Total Checkouts Full call number Barcode Date last seen Copy number Price effective from Koha item type
          CBU-MAIN LIBRARY, KITWE. CBU-MAIN LIBRARY, KITWE.   04/27/2023   IMF(058)A5/1992A 024531 04/27/2023 1 04/27/2023 SPECIAL COLLECTION
          CBU-MAIN LIBRARY, KITWE. CBU-MAIN LIBRARY, KITWE.   04/27/2023   IMF(058)A5/1992B 024530 04/27/2023 2 04/27/2023 SPECIAL COLLECTION